000 00550nam a2200169Ia 4500
008 090201s9999 xx 000 0 und d
010 _aKPL-30877
040 _bमराठी
041 _aमराठी
082 _a30413
_b30877
100 _aह. न. जोशी
245 _aश्री क्षेत्र औदंुबर
_cह. न. जोशी
260 _c2004
_bजय हिंद प्रकाशन
300 _a48
_bमोठा
600 _aश्री क्षेत्र औदंुबर
942 _cBOOK
999 _c228954
_d228954